01380cam a22002534a 45000010009000000050017000090080041000260100017000670200036000840200035001200400018001550420008001730500018001810820017001992450088002162600061003043000032003655040051003975050603004486500019010516500016010707000019010867000021011051212068120210414114230.0000727s2000 maua b 001 0 eng  a 00010678  a0815764081 (cloth : alk. paper) a0815764073 (pbk. : alk. paper) aDLCcDLCdDLC apcc00aJZ1318b.G68 00a327.1/0122100aGovernance in a globalizing world. /cJoseph S. Nye, Jr., John D. Donahue, editors. aWashington, D.C. :bBrookings Institution Press,cc2000. axii, 386 p.:bill.;c24 cm. aIncludes bibliographical references and index. aContents: Introduction -- Trends in Globalization: Globalization of the economy -- The Impact of globalization on National and International security -- Environmental Globalization -- Social and cultural globalization: concepts, history and America's role -- Globalization of communication -- The Impact on domestic governance: Global governance and cosmopolitan citizens -- Ready or not: the Developing world and globalization -- Globalization, governance and the authoritarian state: China -- Globalization and Public administration reform -- The Politics and incentives of legal transplantation. 0aGlobalization. 0aState, The.1 aNye, Joseph S.1 aDonahue, John D.